<?xml version="1.0" encoding="UTF-8"?><?xml-stylesheet type="text/xsl" href="static/style.xsl"?><OAI-PMH xmlns="http://www.openarchives.org/OAI/2.0/" xmlns:xsi="http://www.w3.org/2001/XMLSchema-instance" xsi:schemaLocation="http://www.openarchives.org/OAI/2.0/ http://www.openarchives.org/OAI/2.0/OAI-PMH.xsd"><responseDate>2026-04-27T15:10:37Z</responseDate><request verb="GetRecord" identifier="oai:uvadoc.uva.es:10324/51182" metadataPrefix="marc">https://uvadoc.uva.es/oai/request</request><GetRecord><record><header><identifier>oai:uvadoc.uva.es:10324/51182</identifier><datestamp>2025-02-11T18:21:51Z</datestamp><setSpec>com_10324_1159</setSpec><setSpec>com_10324_931</setSpec><setSpec>com_10324_894</setSpec><setSpec>col_10324_1310</setSpec></header><metadata><record xmlns="http://www.loc.gov/MARC21/slim" xmlns:doc="http://www.lyncode.com/xoai" xmlns:xsi="http://www.w3.org/2001/XMLSchema-instance" xmlns:dcterms="http://purl.org/dc/terms/" xsi:schemaLocation="http://www.loc.gov/MARC21/slim http://www.loc.gov/standards/marcxml/schema/MARC21slim.xsd">
<leader>00925njm 22002777a 4500</leader>
<datafield tag="042" ind1=" " ind2=" ">
<subfield code="a">dc</subfield>
</datafield>
<datafield tag="720" ind1=" " ind2=" ">
<subfield code="a">López Reyes, Guillermo Eduardo</subfield>
<subfield code="e">author</subfield>
</datafield>
<datafield tag="720" ind1=" " ind2=" ">
<subfield code="a">Veneranda ., Marco</subfield>
<subfield code="e">author</subfield>
</datafield>
<datafield tag="720" ind1=" " ind2=" ">
<subfield code="a">Manrique Martínez, José Antonio</subfield>
<subfield code="e">author</subfield>
</datafield>
<datafield tag="720" ind1=" " ind2=" ">
<subfield code="a">González Martín, Álvaro</subfield>
<subfield code="e">author</subfield>
</datafield>
<datafield tag="720" ind1=" " ind2=" ">
<subfield code="a">Moral Inza, Andoni Gaizka</subfield>
<subfield code="e">author</subfield>
</datafield>
<datafield tag="720" ind1=" " ind2=" ">
<subfield code="a">Pérez Canora, Carlos</subfield>
<subfield code="e">author</subfield>
</datafield>
<datafield tag="720" ind1=" " ind2=" ">
<subfield code="a">Rodríguez Prieto, Jose Antonio</subfield>
<subfield code="e">author</subfield>
</datafield>
<datafield tag="720" ind1=" " ind2=" ">
<subfield code="a">Sanz Arranz, José Aurelio</subfield>
<subfield code="e">author</subfield>
</datafield>
<datafield tag="720" ind1=" " ind2=" ">
<subfield code="a">Saiz Cano, Jesús</subfield>
<subfield code="e">author</subfield>
</datafield>
<datafield tag="720" ind1=" " ind2=" ">
<subfield code="a">Lalla, Emmanuel Alexis</subfield>
<subfield code="e">author</subfield>
</datafield>
<datafield tag="720" ind1=" " ind2=" ">
<subfield code="a">Konstantinidis, Menelaos</subfield>
<subfield code="e">author</subfield>
</datafield>
<datafield tag="720" ind1=" " ind2=" ">
<subfield code="a">Prieto Ballesteros, Olga</subfield>
<subfield code="e">author</subfield>
</datafield>
<datafield tag="720" ind1=" " ind2=" ">
<subfield code="a">Medina García, Jesús</subfield>
<subfield code="e">author</subfield>
</datafield>
<datafield tag="720" ind1=" " ind2=" ">
<subfield code="a">González Delgado, Manuel Ángel</subfield>
<subfield code="e">author</subfield>
</datafield>
<datafield tag="720" ind1=" " ind2=" ">
<subfield code="a">Charro Huerga, María Elena</subfield>
<subfield code="e">author</subfield>
</datafield>
<datafield tag="720" ind1=" " ind2=" ">
<subfield code="a">López Rodríguez, José Manuel</subfield>
<subfield code="e">author</subfield>
</datafield>
<datafield tag="720" ind1=" " ind2=" ">
<subfield code="a">Rull Pérez, Fernando</subfield>
<subfield code="e">author</subfield>
</datafield>
<datafield tag="260" ind1=" " ind2=" ">
<subfield code="c">2021</subfield>
</datafield>
<datafield tag="520" ind1=" " ind2=" ">
<subfield code="a">The Raman laser spectrometer (RLS) instrument onboard the Rosalind Franklin rover of the ExoMars 2022 mission will analyze powdered samples on Mars to search for traces of life. To prepare for the mission, the RLS scientific team has developed the RLS ExoMars Simulator (RLS Sim), a flexible model of RLS that operates similarly to the actual instrument, both in laboratory and field conditions, while also emulating the rover operational constraints in terms of sample distribution that are relevant to the Raman analysis. This system can operate autonomously to perform RLS-representative analysis in one or several samples, making it very useful to perform heavy experimental tasks that would otherwise be impossible using a flight-representative model of the instrument. In this work, we introduce the current configuration of the RLS Sim that has incorporated new hardware elements such as the RAman Demonstrator 1 (RAD1) spectrometer with the objective of approaching its performance to that of the actual RLS instrument. To evaluate the scientific capability of the RLS Sim, we have compared it with a replica model of RLS, the RLS Flight Spare (FS). Several acquisition aspects have been evaluated based on the analysis of select samples, assessing the performance in terms of spectral range and resolution and also studying several issues related to the evolution of signal-to-noise ratio (SNR) with different acquisition parameters, especially the number of accumulations. This performance analysis has shown that the RLS Sim in its updated configuration will be a key model to perform support science for the ExoMars mission and the RLS instrument on the Rosalind Franklin rover. Designed to work intensively, the use of the RLS Sim in combination with the RLS FS will facilitate maximizing the scientific return of the RLS spectrometer during Martian operations.</subfield>
</datafield>
<datafield tag="024" ind2=" " ind1="8">
<subfield code="a">Journal of Raman Spectroscopy, 2021, p. 1-14</subfield>
</datafield>
<datafield tag="024" ind2=" " ind1="8">
<subfield code="a">0377-0486</subfield>
</datafield>
<datafield tag="024" ind2=" " ind1="8">
<subfield code="a">https://uvadoc.uva.es/handle/10324/51182</subfield>
</datafield>
<datafield tag="024" ind2=" " ind1="8">
<subfield code="a">10.1002/jrs.6281</subfield>
</datafield>
<datafield tag="024" ind2=" " ind1="8">
<subfield code="a">Journal of Raman Spectroscopy</subfield>
</datafield>
<datafield tag="024" ind2=" " ind1="8">
<subfield code="a">1097-4555</subfield>
</datafield>
<datafield tag="245" ind1="0" ind2="0">
<subfield code="a">The Raman laser spectrometer ExoMars simulator (RLS Sim): A heavy‐duty Raman tool for ground testing on ExoMars</subfield>
</datafield>
</record></metadata></record></GetRecord></OAI-PMH>